Central Library OPAC University of Rajshahi

মানুষের মানচিত্র / (Record no. 64732)

MARC details
000 -LEADER
fixed length control field 00756nam a2200229 a 4500
001 - CONTROL NUMBER
control field 64732
003 - CONTROL NUMBER IDENTIFIER
rucl marc code BD-RjUL
005 - DATE AND TIME OF LATEST TRANSACTION
control field 20211209081337.0
008 - FIXED-LENGTH DATA ELEMENTS--GENERAL INFORMATION
fixed length control field 170219s1946 ii ||||| |||| 00| 0 ben d
020 ## - INTERNATIONAL STANDARD BOOK NUMBER
Terms of availability : Tk. 1.00
035 ## - SYSTEM CONTROL NUMBER
System control number (BD-RjUL)64862
040 ## - CATALOGING SOURCE
Original cataloging agency BD-RjUL
Language of cataloging eng
Transcribing agency BD-RjUL
041 ## - LANGUAGE CODE
Language code of text/sound track or separate title ben
082 ## - DEWEY DECIMAL CLASSIFICATION NUMBER
Edition number 23
Classification number 891.447
Author mark and year RAM 1946
100 1# - MAIN ENTRY--PERSONAL NAME
Personal name রহমান, আবদুর
9 (RLIN) 176779
245 10 - TITLE STATEMENT
Title মানুষের মানচিত্র /
Statement of responsibility, etc. আবদুর রহমান
260 ## - PUBLICATION, DISTRIBUTION, ETC. (IMPRINT)
Place of publication, distribution, etc. কলিকাতা :
Name of publisher, distributor, etc. নূর লাইব্রেরী,
Date of publication, distribution, etc. ১৯৪৬
300 ## - PHYSICAL DESCRIPTION
Pagination ৬০ পৃ. ;
Size ১৭ সেমি.
650 ## - SUBJECT ADDED ENTRY--TOPICAL TERM
Topical term or geographic name as entry element বাংলা প্রহসন
9 (RLIN) 177643
Topical term or geographic name as entry element Bengali Farce
9 (RLIN) 191894
942 ## - ADDED ENTRY ELEMENTS (KOHA)
Source of classification or shelving scheme Dewey Decimal Classification
Koha item type Books
Holdings
Lost status Source of classification or shelving scheme Damaged status Not for loan Collection code Permanent Location Current Location Shelving location Date acquired Source of acquisition Cost, normal purchase price Total Checkouts Full call number Date last seen Copy number Koha item type
  Dewey Decimal Classification   Not For Loan Non-fiction Central Library, University of Rajshahi Central Library, University of Rajshahi Reading Room 27/11/1955 Farooq Library, Rajshahi 1.00   B 891.447 RAM 1946 19/02/2017 C-1 Books